| 000 | 00802nam a2200265 i 4500 | ||
|---|---|---|---|
| 001 | bg | ||
| 100 | 1 | _aFREEDMAN, Alan | |
| 245 | 1 | 0 |
_aEncyklopedia komputerów / _cAlan Freedman ; [tł. Michał Dadan et al.]. |
| 246 |
_iTyt. oryg.: _aComputerDesktop encyclopedia |
||
| 260 |
_aGliwice : _b"Helion", _c2004. |
||
| 300 |
_a1117 s. : _bil. ; _c25 cm. |
||
| 500 | _aTyt. oryg.: "ComputerDesktop encyclopedia". | ||
| 504 | _aIndeks hasel ang. | ||
| 650 | 9 | _aKomputery | |
| 655 | _aEncyklopedie | ||
| 700 | 1 |
_aDADAN, Michał. _eTł. |
|
| 020 | _a8373611363 | ||
| 040 | _cBPK | ||
| 041 | 1 |
_apol _heng |
|
| 080 | _a004(03) | ||
| 920 | _a83-7361-136-3 | ||
| 942 | _cKS | ||
| 008 | s pl f |000 0 pol | ||
| 999 |
_c45175 _d45175 |
||
| 856 |
_uhttp://koha.tu.koszalin.pl/cgi-bin/koha/opac-detail.pl?biblionumber=45175 _yKatalog online BPK |
||